ग्लोबल वार्मिंगःतप रही धरती-बढ़ रहे खतरे (Record no. 8288)

MARC details
000 -LEADER
fixed length control field 01484 a2200253 4500
005 - DATE AND TIME OF LATEST TRANSACTION
control field 2008092300150.0
008 - FIXED-LENGTH DATA ELEMENTS--GENERAL INFORMATION
fixed length control field 080923t xxu||||| |||| 00| 0 hin d
010 ## - LCCN (DPL NO)
LC control number HIN-81386
020 ## - INTERNATIONAL STANDARD BOOK NUMBER
International Standard Book Number 9788190482370
Terms of availability 200.00
035 ## - SYSTEM CONTROL NUMBER
System control number HN-53732
035 ## - SYSTEM CONTROL NUMBER
System control number B-317738
037 ## - SOURCE OF ACQUISITION
Source of stock number/acquisition D.B.Act / pub
082 ## - DEWEY DECIMAL CLASSIFICATION NUMBER
Classification number 363.73874
100 ## - MAIN ENTRY--PERSONAL NAME
Personal name पुरी, योगेश्वर
245 ## - TITLE STATEMENT
Title ग्लोबल वार्मिंगःतप रही धरती-बढ़ रहे खतरे
Statement of responsibility, etc योगेश्वर पुरी
246 ## - VARYING FORM OF TITLE
Title proper/short title Global Warmin
Remainder of title by Yogeshwar Puri
260 ## - PUBLICATION, DISTRIBUTION, ETC. (IMPRINT)
Place of publication, distribution, etc दिल्ली
Name of publisher, distributor, etc मैट्रिक्स पब्लिशर्स
Date of publication, distribution, etc 2007, 2008
270 ## - ADDRESS
Address आत्माराम एण्ड संस,1376, ग्राउंड फ्लोर कश्मीरी गेट
City दिल्ली
Postal code 110006
300 ## - PHYSICAL DESCRIPTION
Extent 176पृ
Dimensions 22 सेमी (सजिल्द)
942 ## - ADDED ENTRY ELEMENTS (KOHA)
Institution code [OBSOLETE] dpl
Item type Hindi Books
Call number prefix 363.73874 / पुरीयो
Source of classification or shelving scheme Dewey Decimal Classification
Classification part 363.73874
Call number suffix पुरीयो
Holdings
Withdrawn status Lost status Source of classification or shelving scheme Damaged status Not for loan Home library Current library Date acquired Cost, normal purchase price Total Checkouts Full call number Barcode Date last seen Copy number Cost, replacement price Koha item type Collection code Source of acquisition Total Renewals
    Dewey Decimal Classification     Central Library Central Library 30/05/2019 200.00 1 363.73874 पुरीयो B-238297 14/11/2019 1 200.00 Hindi Books Non-fiction DBAD/PUB  
    Dewey Decimal Classification     D.B.Act.Division D.B.Act.Division 23/09/2008 200.00   363.73874 पुरीयो HN-53732 15/09/2008 1 200.00 Hindi Books      
    Dewey Decimal Classification     Vinoba Puri Vinoba Puri 05/03/2009 200.00 7 363.73874 पुरीयो B-317738 06/02/2012 1 200.00 Hindi Books Non-fiction dbad / dup 4

© Delhi Public Library
Hit Counter
free hit counter